UEFA European Football Championship Penalty Shoot-Outs - Statistics

General Stats
  • This quiz has been taken 324 times
    49 since last reset
  • The average score is 13 of 15
Answer Stats
Hint Year Answer % Correct
Won 2, Lost 2 1996, 1996, 2020, 2024 France
100%
Won 4, Lost 3 1980, 2000, 2008, 2012, 2016, 2020, 2020 Italy
100%
Won 2, Lost 4 1996, 1996, 2004, 2012, 2020, 2024 England
97%
Won 3, Lost 2 2004, 2012, 2016, 2024, 2024 Portugal
97%
Won 4, Lost 2 1984, 1996, 2008, 2012, 2020, 2020 Spain
97%
Won 2, Lost 1 1976, 1996, 2016 Germany / West Germany
94%
Won 1, Lost 3 1992, 1996, 2000, 2004 Netherlands
94%
Won 1, Lost 1 1984, 1992 Denmark
84%
Won 1, Lost 3 2016, 2020, 2020, 2024 Switzerland
84%
Won 1, Lost 1 2016, 2016 Poland
81%
Won 0, Lost 1 2008 Croatia
74%
Won 0, Lost 1 2004 Sweden
74%
Won 3, Lost 0 1976, 1980, 1996 Czech Republic / Czechoslovakia
71%
Won 0, Lost 1 2024 Slovenia
58%
Won 1, Lost 0 2008 Turkey
58%
No matching quizzes found
Score Distribution
Percent of People with Each Score
Percentile by Number Answered
Your Score History
You have not taken this quiz since the last reset